[Event "DVM U16 2023"]
[Site "Magdeburg GER"]
[Date "2023.12.27"]
[Round "2"]
[White "Ronsin, Corentin"]
[Black "Vecera, Fabio"]
[Result "1-0"]
[Termination "normal"]
[Board "3.4"]
[WhiteElo "1642"]
[BlackElo "1505"]
[WhiteClock "00:40:23"]
[BlackClock "00:00:31"]
[WhiteTeam "SC Noris-Tarrasch Nürnberg 1873"]
[BlackTeam "VfB Schach Leipzig"]
[PlyCount "57"]
[WhiteFideId "34641742"]
[BlackFideId "16281705"]
[EventCountry "GER"]
[EventRounds "7"]
[EventType "team-swiss"]
[EventDate "2023.12.26"]

1. d4 {[%clk 01:30:56]} {[%emt 00:00:02]} Nf6 {[%clk 01:30:51]} {[%emt
00:00:11]} 2. c4 {[%clk 01:31:19]} {[%emt 00:00:06]} g6 {[%clk 01:31:16]}
{[%emt 00:00:06]} 3. Nc3 {[%clk 01:31:37]} {[%emt 00:00:11]} d5 {[%clk
01:31:42]} {[%emt 00:00:05]} 4. cxd5 {[%clk 01:31:51]} {[%emt 00:00:15]} Nxd5
{[%clk 01:32:08]} {[%emt 00:00:05]} 5. e4 {[%clk 01:32:13]} {[%emt 00:00:08]}
Nxc3 {[%clk 01:32:35]} {[%emt 00:00:02]} 6. bxc3 {[%clk 01:32:36]} {[%emt
00:00:08]} Bg7 {[%clk 01:33:00]} {[%emt 00:00:05]} 7. Nf3 {[%clk 01:33:00]}
{[%emt 00:00:06]} O-O {[%clk 01:33:17]} {[%emt 00:00:12]} 8. Be2 {[%clk
01:32:38]} {[%emt 00:00:52]} c5 {[%clk 01:33:37]} {[%emt 00:00:11]} 9. Be3
{[%clk 01:31:10]} {[%emt 00:01:57]} Nc6 {[%clk 01:33:43]} {[%emt 00:00:24]} 10.
O-O {[%clk 01:30:35]} {[%emt 00:01:04]} cxd4 {[%clk 01:28:36]} {[%emt
00:05:39]} 11. cxd4 {[%clk 01:30:54]} {[%emt 00:00:10]} e6 {[%clk 01:27:12]}
{[%emt 00:01:55]} 12. Rc1 {[%clk 01:25:16]} {[%emt 00:06:07]} Qe7 {[%clk
01:17:57]} {[%emt 00:09:46]} 13. d5 {[%clk 01:23:06]} {[%emt 00:02:40]} Rd8
{[%clk 01:13:00]} {[%emt 00:05:27]} 14. Qd2 {[%clk 01:10:32]} {[%emt 00:13:03]}
exd5 {[%clk 01:08:54]} {[%emt 00:04:36]} 15. exd5 {[%clk 01:10:14]} {[%emt
00:00:48]} Qb4 {[%clk 01:01:05]} {[%emt 00:08:20]} 16. Rfd1 {[%clk 01:05:11]}
{[%emt 00:05:33]} Qxd2 {[%clk 00:55:09]} {[%emt 00:06:26]} 17. Rxd2 {[%clk
01:04:53]} {[%emt 00:00:47]} Ne7 {[%clk 00:52:36]} {[%emt 00:03:04]} 18. Bg5
{[%clk 00:59:00]} {[%emt 00:06:22]} f6 {[%clk 00:44:35]} {[%emt 00:08:32]} 19.
Bf4 {[%clk 00:55:26]} {[%emt 00:04:04]} Bg4 {[%clk 00:27:57]} {[%emt 00:17:08]}
20. h3 {[%clk 00:52:30]} {[%emt 00:03:25]} Bd7 {[%clk 00:10:41]} {[%emt
00:17:47]} 21. Rc7 {[%clk 00:51:13]} {[%emt 00:01:45]} b6 {[%clk 00:10:38]}
{[%emt 00:00:35]} 22. Bc4 {[%clk 00:43:29]} {[%emt 00:08:13]} Kh8 {[%clk
00:09:00]} {[%emt 00:02:08]} 23. Re2 {[%clk 00:42:39]} {[%emt 00:01:20]} Bf8
{[%clk 00:05:44]} {[%emt 00:03:46]} 24. Bh6 {[%clk 00:40:17]} {[%emt 00:02:52]}
Bb5 {[%clk 00:01:08]} {[%emt 00:05:07]} 25. Bxf8 {[%clk 00:39:59]} {[%emt
00:00:47]} Nxd5 {[%clk 00:00:31]} {[%emt 00:01:07]} 26. Bg7+ {[%clk 00:40:03]}
{[%emt 00:00:26]} Kg8 {[%clk 00:00:42]} {[%emt 00:00:19]} 27. Bxd5+ {[%clk
00:40:06]} {[%emt 00:00:28]} Rxd5 {[%clk 00:01:11]} 28. Ree7 {[%clk 00:40:08]}
{[%emt 00:00:27]} Rd6 {[%clk 00:00:31]} {[%emt 00:01:10]} 29. Bh6 {[%clk
00:40:23]} {[%emt 00:00:15]} 1-0

[Event "DVM U16 2023"]
[Site "Magdeburg GER"]
[Date "2023.12.27"]
[Round "2"]
[White "Fuhrmann, Bahne"]
[Black "Reus, Nicholas"]
[Result "1-0"]
[Termination "normal"]
[Board "4.1"]
[WhiteElo "2032"]
[BlackElo "1742"]
[WhiteClock "00:14:01"]
[BlackClock "00:19:00"]
[WhiteTeam "Hamburger SK 1830"]
[BlackTeam "Stuttgarter SF 1879"]
[PlyCount "73"]
[WhiteFideId "16244842"]
[BlackFideId "34612424"]
[EventCountry "GER"]
[EventRounds "7"]
[EventType "team-swiss"]
[EventDate "2023.12.26"]

1. d4 {[%clk 01:30:58]} {[%emt 00:00:02]} d5 {[%clk 01:30:57]} {[%emt
00:00:04]} 2. c4 {[%clk 01:31:22]} {[%emt 00:00:05]} c6 {[%clk 01:31:23]}
{[%emt 00:00:03]} 3. Nf3 {[%clk 01:31:47]} {[%emt 00:00:05]} Nf6 {[%clk
01:31:49]} {[%emt 00:00:05]} 4. g3 {[%clk 01:32:13]} {[%emt 00:00:04]} g6
{[%clk 01:31:14]} {[%emt 00:01:05]} 5. Bg2 {[%clk 01:32:37]} {[%emt 00:00:05]}
Bg7 {[%clk 01:31:39]} {[%emt 00:00:05]} 6. O-O {[%clk 01:33:03]} {[%emt
00:00:05]} O-O {[%clk 01:31:58]} {[%emt 00:00:12]} 7. a4 {[%clk 01:33:29]}
{[%emt 00:00:03]} a5 {[%clk 01:25:13]} {[%emt 00:07:15]} 8. Nc3 {[%clk
01:32:04]} {[%emt 00:01:56]} Ne4 {[%clk 01:21:49]} {[%emt 00:03:54]} 9. Qb3
{[%clk 01:28:04]} {[%emt 00:04:29]} e6 {[%clk 01:20:06]} {[%emt 00:02:14]} 10.
Rd1 {[%clk 01:23:35]} {[%emt 00:04:59]} Nxc3 {[%clk 01:12:46]} {[%emt
00:07:49]} 11. bxc3 {[%clk 01:23:14]} {[%emt 00:00:53]} b6 {[%clk 01:11:58]}
{[%emt 00:01:17]} 12. Ba3 {[%clk 01:16:35]} {[%emt 00:07:09]} Re8 {[%clk
01:12:10]} {[%emt 00:00:18]} 13. Nd2 {[%clk 01:16:38]} {[%emt 00:00:28]} Nd7
{[%clk 01:00:27]} {[%emt 00:12:13]} 14. e4 {[%clk 01:15:29]} {[%emt 00:01:39]}
Nf6 {[%clk 00:57:24]} {[%emt 00:03:33]} 15. e5 {[%clk 01:11:56]} {[%emt
00:04:03]} Nd7 {[%clk 00:57:32]} {[%emt 00:00:22]} 16. cxd5 {[%clk 01:11:56]}
{[%emt 00:00:31]} cxd5 {[%clk 00:57:15]} {[%emt 00:00:47]} 17. c4 {[%clk
01:11:41]} {[%emt 00:00:45]} Bb7 {[%clk 00:53:56]} {[%emt 00:03:48]} 18. cxd5
{[%clk 01:07:53]} {[%emt 00:04:18]} Bxd5 {[%clk 00:54:21]} {[%emt 00:00:05]}
19. Bxd5 {[%clk 01:08:11]} {[%emt 00:00:12]} exd5 {[%clk 00:54:47]} {[%emt
00:00:04]} 20. Qxd5 {[%clk 01:06:53]} {[%emt 00:01:47]} Nf8 {[%clk 00:52:54]}
{[%emt 00:02:24]} 21. Qe4 {[%clk 01:04:12]} {[%emt 00:03:11]} Rc8 {[%clk
00:52:33]} {[%emt 00:00:51]} 22. Rab1 {[%clk 01:03:42]} {[%emt 00:01:00]} Ne6
{[%clk 00:52:38]} {[%emt 00:00:26]} 23. Bd6 {[%clk 01:02:00]} {[%emt 00:02:11]}
Qd7 {[%clk 00:52:17]} {[%emt 00:00:51]} 24. Rb5 {[%clk 01:00:33]} {[%emt
00:01:57]} Rc3 {[%clk 00:50:44]} {[%emt 00:02:03]} 25. h4 {[%clk 00:43:21]}
{[%emt 00:17:43]} f5 {[%clk 00:49:00]} {[%emt 00:02:14]} 26. Qd5 {[%clk
00:41:23]} {[%emt 00:02:28]} Rd3 {[%clk 00:47:45]} {[%emt 00:01:45]} 27. Qa2
{[%clk 00:25:54]} {[%emt 00:15:59]} Rxd4 {[%clk 00:46:42]} {[%emt 00:01:33]}
28. Qb3 {[%clk 00:20:31]} {[%emt 00:05:52]} Bf8 {[%clk 00:36:51]} {[%emt
00:10:21]} 29. Nc4 {[%clk 00:17:53]} {[%emt 00:03:08]} Rxd1+ {[%clk 00:25:07]}
{[%emt 00:12:15]} 30. Qxd1 {[%clk 00:18:21]} {[%emt 00:00:01]} Rd8 {[%clk
00:24:32]} {[%emt 00:01:05]} 31. Nxb6 {[%clk 00:17:03]} {[%emt 00:01:49]} Qc6
{[%clk 00:22:56]} {[%emt 00:02:05]} 32. Qb3 {[%clk 00:17:07]} {[%emt 00:00:26]}
Kf7 {[%clk 00:22:05]} {[%emt 00:01:20]} 33. Rc5 {[%clk 00:16:49]} {[%emt
00:00:49]} Qe8 {[%clk 00:21:29]} {[%emt 00:01:05]} 34. Rc7+ {[%clk 00:14:42]}
{[%emt 00:02:37]} Kg8 {[%clk 00:21:38]} {[%emt 00:00:22]} 35. Nd5 {[%clk
00:13:37]} {[%emt 00:01:35]} Nxc7 {[%clk 00:18:33]} {[%emt 00:03:35]} 36. Nf6+
{[%clk 00:14:01]} {[%emt 00:00:06]} Kh8 {[%clk 00:19:00]} {[%emt 00:00:03]} 37.
Qg8# {[%emt 00:00:06]} 1-0

[Event "DVM U16 2023"]
[Site "Magdeburg GER"]
[Date "2023.12.27"]
[Round "2"]
[White "Goldinov, Daniel"]
[Black "Krüger, Arthur"]
[Result "0-1"]
[Termination "normal"]
[Board "4.2"]
[WhiteElo "1762"]
[BlackElo "1886"]
[WhiteTeam "Stuttgarter SF 1879"]
[BlackTeam "Hamburger SK 1830"]
[PlyCount "96"]
[WhiteFideId "34605649"]
[BlackFideId "16244966"]
[EventCountry "GER"]
[EventRounds "7"]
[EventType "team-swiss"]
[EventDate "2023.12.26"]

1. e4 e6 2. d4 d5 3. exd5 exd5 4. Nf3 Nf6 5. c4 c6 6. Nc3 Be7 7. Bf4 O-O 8. Bd3
dxc4 9. Bxc4 Nbd7 10. O-O Nb6 11. Bd3 Nbd5 12. Bg5 h6 13. Bh4 Be6 14. Rc1 Nxc3
15. bxc3 Qa5 16. Ne5 Nd5 17. Bxe7 Nxe7 18. f4 Bf5 19. Bxf5 Nxf5 20. Qd3 Ne7 21.
f5 f6 22. Ng4 Rae8 23. Rf3 Nd5 24. Qd2 Rf7 25. Rg3 Kh8 26. Rh3 Kg8 27. Qf2 Qc7
28. Rg3 Kh8 29. Ne3 Nf4 30. Qf1 Rfe7 31. Re1 Qb8 32. Rf3 Nd5 33. Qd3 Qd6 34. g3
Qa3 35. Kg2 Qxc3 36. Qxc3 Nxc3 37. a3 Nd5 38. Kf2 Nxe3 39. Rfxe3 Rxe3 40. Rxe3
Rxe3 41. Kxe3 Kg8 42. d5 c5 43. a4 Kf8 44. Kd3 Ke7 45. Kc4 Kd6 46. g4 b6 47. h3
a6 48. h4 b5+ 0-1

[Event "DVM U16 2023"]
[Site "Magdeburg GER"]
[Date "2023.12.27"]
[Round "2"]
[White "Tietz, Bennit"]
[Black "Nunez Grégoire, Daniel"]
[Result "1/2-1/2"]
[Termination "normal"]
[Board "4.3"]
[WhiteElo "1793"]
[BlackElo "1708"]
[WhiteClock "00:02:18"]
[BlackClock "00:29:55"]
[WhiteTeam "Hamburger SK 1830"]
[BlackTeam "Stuttgarter SF 1879"]
[PlyCount "108"]
[WhiteFideId "16286936"]
[BlackFideId "34627103"]
[EventCountry "GER"]
[EventRounds "7"]
[EventType "team-swiss"]
[EventDate "2023.12.26"]

1. e4 {[%clk 01:30:53]} {[%emt 00:00:06]} e5 {[%clk 01:30:53]} {[%emt
00:00:07]} 2. Nf3 {[%clk 01:31:16]} {[%emt 00:00:08]} Nc6 {[%clk 01:31:10]}
{[%emt 00:00:13]} 3. Bc4 {[%clk 01:31:24]} {[%emt 00:00:22]} Bc5 {[%clk
01:31:33]} {[%emt 00:00:05]} 4. d3 {[%clk 01:30:46]} {[%emt 00:01:09]} Nf6
{[%clk 01:31:45]} {[%emt 00:00:17]} 5. Nc3 {[%clk 01:29:39]} {[%emt 00:01:38]}
O-O {[%clk 01:31:41]} {[%emt 00:00:34]} 6. h3 {[%clk 01:28:54]} {[%emt
00:01:16]} h6 {[%clk 01:32:02]} {[%emt 00:00:09]} 7. g4 {[%clk 01:28:44]}
{[%emt 00:00:39]} d6 {[%clk 01:28:52]} {[%emt 00:03:41]} 8. g5 {[%clk
01:28:23]} {[%emt 00:00:51]} hxg5 {[%clk 01:28:01]} {[%emt 00:01:21]} 9. Bxg5
{[%clk 01:28:25]} {[%emt 00:00:28]} Be6 {[%clk 01:26:41]} {[%emt 00:01:50]} 10.
Nd5 {[%clk 01:27:18]} {[%emt 00:01:37]} Bxd5 {[%clk 01:25:26]} {[%emt
00:01:44]} 11. Bxd5 {[%clk 01:27:10]} {[%emt 00:00:37]} Nd4 {[%clk 01:23:46]}
{[%emt 00:02:11]} 12. Nxd4 {[%clk 01:18:53]} {[%emt 00:08:48]} Bxd4 {[%clk
01:23:48]} {[%emt 00:00:27]} 13. Qf3 {[%clk 01:10:35]} {[%emt 00:08:48]} c6
{[%clk 01:22:36]} {[%emt 00:01:42]} 14. Rg1 {[%clk 01:09:32]} {[%emt 00:01:33]}
Qa5+ {[%clk 01:11:03]} {[%emt 00:12:03]} 15. Bd2 {[%clk 01:03:46]} {[%emt
00:06:16]} Qd8 {[%clk 01:10:43]} {[%emt 00:00:50]} 16. O-O-O {[%clk 00:35:59]}
{[%emt 00:28:17]} cxd5 {[%clk 01:06:00]} {[%emt 00:05:13]} 17. Rxg7+ {[%clk
00:31:04]} {[%emt 00:05:26]} Kxg7 {[%clk 01:05:22]} {[%emt 00:01:07]} 18. Rg1+
{[%clk 00:19:25]} {[%emt 00:12:10]} Kh8 {[%clk 01:00:24]} {[%emt 00:05:27]} 19.
Bg5 {[%clk 00:16:21]} {[%emt 00:03:34]} Nh7 {[%clk 01:00:07]} {[%emt 00:00:47]}
20. Bxd8 {[%clk 00:15:09]} {[%emt 00:01:42]} Raxd8 {[%clk 01:00:19]} {[%emt
00:00:17]} 21. Rg4 {[%clk 00:09:01]} {[%emt 00:06:39]} dxe4 {[%clk 00:58:47]}
{[%emt 00:02:02]} 22. dxe4 {[%clk 00:08:45]} {[%emt 00:00:46]} f6 {[%clk
00:56:24]} {[%emt 00:02:53]} 23. Rh4 {[%clk 00:07:24]} {[%emt 00:01:51]} Rd7
{[%clk 00:55:33]} {[%emt 00:01:20]} 24. Qf5 {[%clk 00:07:26]} {[%emt 00:00:29]}
Re7 {[%clk 00:55:13]} {[%emt 00:00:49]} 25. c3 {[%clk 00:07:01]} {[%emt
00:00:55]} Bb6 {[%clk 00:55:06]} {[%emt 00:00:37]} 26. Kc2 {[%clk 00:06:39]}
{[%emt 00:00:52]} Bc7 {[%clk 00:52:24]} {[%emt 00:03:13]} 27. b4 {[%clk
00:04:43]} {[%emt 00:02:27]} a5 {[%clk 00:51:26]} {[%emt 00:01:28]} 28. Kb3
{[%clk 00:03:45]} {[%emt 00:01:28]} axb4 {[%clk 00:50:55]} {[%emt 00:01:00]}
29. cxb4 {[%clk 00:04:12]} {[%emt 00:00:04]} b5 {[%clk 00:50:39]} {[%emt
00:00:45]} 30. a4 {[%clk 00:04:21]} {[%emt 00:00:22]} bxa4+ {[%clk 00:50:55]}
{[%emt 00:00:14]} 31. Kxa4 {[%clk 00:04:46]} {[%emt 00:00:05]} Kg8 {[%clk
00:49:12]} {[%emt 00:02:14]} 32. b5 {[%clk 00:02:32]} {[%emt 00:02:43]} Bb6
{[%clk 00:48:58]} {[%emt 00:00:43]} 33. Rg4+ {[%clk 00:01:38]} {[%emt
00:01:25]} Kh8 {[%clk 00:48:58]} {[%emt 00:00:30]} 34. Rh4 {[%clk 00:01:35]}
{[%emt 00:00:33]} Bc5 {[%clk 00:48:26]} {[%emt 00:01:01]} 35. Kb3 {[%clk
00:01:24]} {[%emt 00:00:42]} Rc7 {[%clk 00:45:34]} {[%emt 00:03:20]} 36. Qe6
{[%clk 00:01:18]} {[%emt 00:00:36]} Rb7 {[%clk 00:43:57]} {[%emt 00:02:07]} 37.
Kc4 {[%clk 00:01:23]} {[%emt 00:00:25]} Bxf2 {[%clk 00:44:04]} {[%emt
00:00:23]} 38. Rh5 {[%clk 00:00:56]} {[%emt 00:00:58]} Bc5 {[%clk 00:43:47]}
{[%emt 00:00:46]} 39. h4 {[%clk 00:00:53]} {[%emt 00:00:34]} Rc7 {[%clk
00:36:54]} {[%emt 00:07:22]} 40. Kb3 {[%clk 00:00:48]} {[%emt 00:00:36]} Rff7
{[%clk 00:36:35]} {[%emt 00:00:49]} 41. Rf5 {[%clk 00:15:48]} {[%emt 00:15:30]}
Nf8 {[%clk 01:05:15]} {[%emt 00:01:50]} 42. Rh5+ {[%clk 00:12:19]} {[%emt
00:03:59]} Kg8 {[%clk 01:03:59]} {[%emt 00:01:45]} 43. Qf5 {[%clk 00:11:52]}
{[%emt 00:00:58]} Rce7 {[%clk 01:02:25]} {[%emt 00:02:03]} 44. Rh6 {[%clk
00:09:43]} {[%emt 00:02:39]} Kg7 {[%clk 01:00:38]} {[%emt 00:02:18]} 45. Rh5
{[%clk 00:05:47]} {[%emt 00:04:26]} Kg8 {[%clk 00:57:36]} {[%emt 00:03:32]} 46.
Rh6 {[%clk 00:06:15]} {[%emt 00:00:02]} Nd7 {[%clk 00:57:10]} {[%emt 00:00:56]}
47. Qg6+ {[%clk 00:04:32]} {[%emt 00:02:14]} Rg7 {[%clk 00:57:16]} {[%emt
00:00:23]} 48. Qh5 {[%clk 00:04:46]} {[%emt 00:00:14]} Kf8 {[%clk 00:56:20]}
{[%emt 00:01:27]} 49. Qf5 {[%clk 00:03:19]} {[%emt 00:01:57]} Rg3+ {[%clk
00:52:05]} {[%emt 00:04:44]} 50. Kc2 {[%clk 00:03:14]} {[%emt 00:00:36]} Reg7
{[%clk 00:51:39]} {[%emt 00:00:56]} 51. Rh8+ {[%clk 00:02:01]} {[%emt
00:01:44]} Ke7 {[%clk 00:51:32]} {[%emt 00:00:36]} 52. Rh7 {[%clk 00:02:18]}
{[%emt 00:00:14]} Rg2+ {[%clk 00:46:51]} {[%emt 00:05:10]} 53. Kb3 {[%clk
00:01:49]} {[%emt 00:01:00]} R2g3+ {[%clk 00:42:10]} {[%emt 00:05:12]} 54. Kc2
{[%clk 00:02:18]} {[%emt 00:00:01]} Rg2+ {[%clk 00:29:55]} 1/2-1/2

[Event "DVM U16 2023"]
[Site "Magdeburg GER"]
[Date "2023.12.27"]
[Round "2"]
[White "Gotfried, Elias"]
[Black "Malchereck, Zion"]
[Result "1/2-1/2"]
[Termination "normal"]
[Board "4.4"]
[WhiteElo "1375"]
[BlackElo "1792"]
[WhiteClock "00:09:46"]
[BlackClock "00:26:24"]
[WhiteTeam "Stuttgarter SF 1879"]
[BlackTeam "Hamburger SK 1830"]
[PlyCount "63"]
[WhiteFideId "34630171"]
[BlackFideId "16269233"]
[EventCountry "GER"]
[EventRounds "7"]
[EventType "team-swiss"]
[EventDate "2023.12.26"]

1. e4 {[%clk 01:30:58]} {[%emt 00:00:02]} c5 {[%clk 01:30:47]} {[%emt
00:00:14]} 2. Nc3 {[%clk 01:31:18]} {[%emt 00:00:10]} g6 {[%clk 01:31:06]}
{[%emt 00:00:11]} 3. f4 {[%clk 01:31:40]} {[%emt 00:00:08]} Bg7 {[%clk
01:31:05]} {[%emt 00:00:31]} 4. Nf3 {[%clk 01:31:58]} {[%emt 00:00:13]} e6
{[%clk 01:30:10]} {[%emt 00:01:24]} 5. Bc4 {[%clk 01:32:07]} {[%emt 00:00:20]}
Ne7 {[%clk 01:30:31]} {[%emt 00:00:09]} 6. d3 {[%clk 01:32:15]} {[%emt
00:00:22]} O-O {[%clk 01:29:54]} {[%emt 00:01:07]} 7. O-O {[%clk 01:31:56]}
{[%emt 00:00:50]} d5 {[%clk 01:25:54]} {[%emt 00:04:30]} 8. Bb3 {[%clk
01:31:41]} {[%emt 00:00:45]} Nbc6 {[%clk 01:23:34]} {[%emt 00:02:50]} 9. Qe1
{[%clk 01:30:16]} {[%emt 00:01:55]} a6 {[%clk 01:15:29]} {[%emt 00:08:35]} 10.
a4 {[%clk 01:29:55]} {[%emt 00:00:51]} Rb8 {[%clk 01:14:41]} {[%emt 00:01:18]}
11. Qh4 {[%clk 01:27:29]} {[%emt 00:02:56]} b5 {[%clk 00:59:35]} {[%emt
00:15:36]} 12. f5 {[%clk 01:07:27]} {[%emt 00:20:31]} exf5 {[%clk 00:58:15]}
{[%emt 00:01:51]} 13. exd5 {[%clk 01:06:28]} {[%emt 00:01:29]} Nd4 {[%clk
00:56:30]} {[%emt 00:02:14]} 14. Bg5 {[%clk 00:59:04]} {[%emt 00:07:55]} f6
{[%clk 00:55:28]} {[%emt 00:01:32]} 15. Bf4 {[%clk 00:21:41]} {[%emt 00:37:53]}
Nxb3 {[%clk 00:54:08]} {[%emt 00:01:51]} 16. Bxb8 {[%clk 00:20:35]} {[%emt
00:01:36]} Nxa1 {[%clk 00:54:17]} {[%emt 00:00:21]} 17. Rxa1 {[%clk 00:19:14]}
{[%emt 00:01:51]} Nxd5 {[%clk 00:53:47]} {[%emt 00:01:00]} 18. axb5 {[%clk
00:17:18]} {[%emt 00:02:25]} Nxc3 {[%clk 00:47:29]} {[%emt 00:06:47]} 19. Qc4+
{[%clk 00:16:23]} {[%emt 00:01:26]} Qd5 {[%clk 00:46:35]} {[%emt 00:01:21]} 20.
bxc3 {[%clk 00:16:12]} {[%emt 00:00:44]} Qxc4 {[%clk 00:44:54]} {[%emt
00:02:11]} 21. dxc4 {[%clk 00:16:12]} {[%emt 00:00:30]} axb5 {[%clk 00:39:24]}
{[%emt 00:06:00]} 22. cxb5 {[%clk 00:15:49]} {[%emt 00:00:53]} Rf7 {[%clk
00:38:52]} {[%emt 00:01:02]} 23. Bd6 {[%clk 00:15:13]} {[%emt 00:01:05]} Bf8
{[%clk 00:39:03]} {[%emt 00:00:20]} 24. Bxf8 {[%clk 00:15:27]} {[%emt
00:00:16]} Rxf8 {[%clk 00:39:03]} {[%emt 00:00:30]} 25. Ra8 {[%clk 00:14:16]}
{[%emt 00:01:42]} Bb7 {[%clk 00:38:35]} {[%emt 00:00:57]} 26. Rxf8+ {[%clk
00:12:44]} {[%emt 00:02:02]} Kxf8 {[%clk 00:38:59]} {[%emt 00:00:05]} 27. c4
{[%clk 00:12:11]} {[%emt 00:01:04]} Ke7 {[%clk 00:37:21]} {[%emt 00:02:08]} 28.
Kf2 {[%clk 00:12:24]} {[%emt 00:00:17]} Ke6 {[%clk 00:36:34]} {[%emt 00:01:16]}
29. Ke3 {[%clk 00:10:51]} {[%emt 00:02:04]} g5 {[%clk 00:34:37]} {[%emt
00:02:27]} 30. g3 {[%clk 00:11:01]} {[%emt 00:00:19]} h6 {[%clk 00:26:30]}
{[%emt 00:08:36]} 31. Ne1 {[%clk 00:09:59]} {[%emt 00:01:33]} Be4 {[%clk
00:26:24]} {[%emt 00:00:35]} 32. c3 {[%clk 00:09:46]} {[%emt 00:00:45]} 1/2-1/2

[Event "DVM U16 2023"]
[Site "Magdeburg GER"]
[Date "2023.12.27"]
[Round "2"]
[White "Burns, Mikala Tristan"]
[Black "Beyer, Lorenz"]
[Result "1-0"]
[Termination "normal"]
[Board "5.1"]
[WhiteElo "1819"]
[BlackElo "2109"]
[WhiteClock "00:02:41"]
[BlackClock "00:03:10"]
[WhiteTeam "SG Grün-Weiß Dresden"]
[BlackTeam "Barnimer SF im SV Stahl Finow"]
[PlyCount "81"]
[WhiteFideId "16288459"]
[BlackFideId "16245393"]
[EventCountry "GER"]
[EventRounds "7"]
[EventType "team-swiss"]
[EventDate "2023.12.26"]

1. e4 {[%clk 01:30:58]} {[%emt 00:00:01]} e6 {[%clk 01:30:54]} {[%emt
00:00:05]} 2. d4 {[%clk 01:31:25]} {[%emt 00:00:04]} d5 {[%clk 01:31:20]}
{[%emt 00:00:04]} 3. Nc3 {[%clk 01:31:48]} {[%emt 00:00:07]} Nf6 {[%clk
01:31:46]} {[%emt 00:00:04]} 4. Bg5 {[%clk 01:32:06]} {[%emt 00:00:12]} Be7
{[%clk 01:31:43]} {[%emt 00:00:32]} 5. e5 {[%clk 01:32:30]} {[%emt 00:00:07]}
Nfd7 {[%clk 01:32:09]} {[%emt 00:00:03]} 6. Bxe7 {[%clk 01:32:52]} {[%emt
00:00:09]} Qxe7 {[%clk 01:32:37]} {[%emt 00:00:02]} 7. f4 {[%clk 01:33:07]}
{[%emt 00:00:16]} a6 {[%clk 01:33:01]} {[%emt 00:00:05]} 8. Nf3 {[%clk
01:33:25]} {[%emt 00:00:11]} c5 {[%clk 01:33:27]} {[%emt 00:00:04]} 9. Qd2
{[%clk 01:27:22]} {[%emt 00:06:34]} Nc6 {[%clk 01:33:36]} {[%emt 00:00:20]} 10.
dxc5 {[%clk 01:26:53]} {[%emt 00:01:00]} Nxc5 {[%clk 01:31:21]} {[%emt
00:02:45]} 11. O-O-O {[%clk 01:23:35]} {[%emt 00:03:48]} b5 {[%clk 01:30:23]}
{[%emt 00:01:29]} 12. h4 {[%clk 01:14:44]} {[%emt 00:09:19]} Bb7 {[%clk
01:29:09]} {[%emt 00:01:43]} 13. Bd3 {[%clk 01:04:18]} {[%emt 00:10:57]} O-O-O
{[%clk 01:27:46]} {[%emt 00:01:52]} 14. Kb1 {[%clk 01:01:35]} {[%emt 00:03:13]}
Kb8 {[%clk 01:25:19]} {[%emt 00:02:58]} 15. Ne2 {[%clk 00:50:19]} {[%emt
00:11:46]} d4 {[%clk 00:43:04]} {[%emt 00:42:45]} 16. a3 {[%clk 00:39:55]}
{[%emt 00:10:54]} f6 {[%clk 00:38:08]} {[%emt 00:05:25]} 17. Qe1 {[%clk
00:30:45]} {[%emt 00:09:40]} Qc7 {[%clk 00:29:55]} {[%emt 00:08:43]} 18. Qg3
{[%clk 00:18:53]} {[%emt 00:12:18]} Rd5 {[%clk 00:20:00]} {[%emt 00:10:30]} 19.
Rhe1 {[%clk 00:13:25]} {[%emt 00:05:57]} fxe5 {[%clk 00:12:00]} {[%emt
00:08:31]} 20. fxe5 {[%clk 00:13:12]} {[%emt 00:00:43]} Nxe5 {[%clk 00:10:11]}
{[%emt 00:02:19]} 21. Nxe5 {[%clk 00:12:04]} {[%emt 00:01:38]} Qxe5 {[%clk
00:09:58]} {[%emt 00:00:43]} 22. Qxe5+ {[%clk 00:11:42]} {[%emt 00:00:51]} Rxe5
{[%clk 00:10:24]} {[%emt 00:00:05]} 23. Nxd4 {[%clk 00:11:53]} {[%emt
00:00:19]} Rxe1 {[%clk 00:09:07]} {[%emt 00:01:46]} 24. Rxe1 {[%clk 00:12:16]}
{[%emt 00:00:07]} Nxd3 {[%clk 00:02:34]} {[%emt 00:07:03]} 25. cxd3 {[%clk
00:12:40]} {[%emt 00:00:07]} Bd5 {[%clk 00:01:08]} {[%emt 00:01:55]} 26. g3
{[%clk 00:07:57]} {[%emt 00:05:13]} Kc8 {[%clk 00:00:38]} {[%emt 00:01:00]} 27.
Rf1 {[%clk 00:07:13]} {[%emt 00:01:15]} e5 {[%clk 00:00:54]} {[%emt 00:00:14]}
28. Nc2 {[%clk 00:07:06]} {[%emt 00:00:36]} a5 {[%clk 00:00:47]} {[%emt
00:00:37]} 29. Rf5 {[%clk 00:07:15]} {[%emt 00:00:20]} Re8 {[%clk 00:00:52]}
{[%emt 00:00:25]} 30. d4 {[%clk 00:06:46]} {[%emt 00:01:00]} Be4 {[%clk
00:00:40]} {[%emt 00:00:42]} 31. Rxe5 {[%clk 00:02:50]} {[%emt 00:04:25]} Rxe5
{[%clk 00:01:05]} {[%emt 00:00:05]} 32. dxe5 {[%clk 00:03:13]} {[%emt
00:00:07]} Kd7 {[%clk 00:01:33]} {[%emt 00:00:02]} 33. Kc1 {[%clk 00:03:28]}
{[%emt 00:00:15]} Bxc2 {[%clk 00:01:45]} {[%emt 00:00:19]} 34. Kxc2 {[%clk
00:03:54]} {[%emt 00:00:05]} Ke6 {[%clk 00:02:12]} {[%emt 00:00:02]} 35. Kb3
{[%clk 00:01:11]} {[%emt 00:03:12]} Kxe5 {[%clk 00:01:37]} {[%emt 00:01:05]}
36. a4 {[%clk 00:01:36]} {[%emt 00:00:06]} b4 {[%clk 00:01:27]} {[%emt
00:00:41]} 37. Kc4 {[%clk 00:02:01]} {[%emt 00:00:05]} Ke4 {[%clk 00:01:54]}
{[%emt 00:00:03]} 38. Kb5 {[%clk 00:01:48]} {[%emt 00:00:42]} Kd3 {[%clk
00:02:18]} {[%emt 00:00:07]} 39. Kxa5 {[%clk 00:01:57]} {[%emt 00:00:20]} b3
{[%clk 00:02:44]} {[%emt 00:00:05]} 40. Kb4 {[%clk 00:02:16]} {[%emt 00:00:11]}
Kc2 {[%clk 00:03:10]} {[%emt 00:00:05]} 41. Ka3 {[%clk 00:02:41]} {[%emt
00:00:04]} 1-0